Predicting photosynthesis for ecosystem models (Record no. 37314)

MARC details
000 -LEADER
fixed length control field 00505nam a2200193Ia 4500
082 ## - DEWEY DECIMAL CLASSIFICATION NUMBER
Classification number 581.132
Item number HES.1
100 ## - MAIN ENTRY--AUTHOR NAME
Personal name HESKETH, J D
245 #0 - TITLE STATEMENT
Title Predicting photosynthesis for ecosystem models
260 ## - PUBLICATION, DISTRIBUTION, ETC. (IMPRINT)
Place of publication Florida
Name of publisher CRC Press
Year of publication 1980
650 ## - SUBJECT ADDED ENTRY--TOPICAL TERM
Topical Term Canopy
650 ## - SUBJECT ADDED ENTRY--TOPICAL TERM
Topical Term Leaf photosynthesis
650 ## - SUBJECT ADDED ENTRY--TOPICAL TERM
Topical Term Model photosynthesis
650 ## - SUBJECT ADDED ENTRY--TOPICAL TERM
Topical Term Modelling
650 ## - SUBJECT ADDED ENTRY--TOPICAL TERM
Topical Term Photosynthesis
650 ## - SUBJECT ADDED ENTRY--TOPICAL TERM
Topical Term Water stress
700 ## - ADDED ENTRY--PERSONAL NAME
Personal name JONES, James W
942 ## - ADDED ENTRY ELEMENTS (KOHA)
Koha item type Books
Holdings
Withdrawn status Lost status Damaged status Not for loan Home library Current library Date acquired Full call number Accession Number Koha item type
        RRII Library RRII Library 16/12/2021 581.132 HES.1 17700 Books